The fight for influence : (Record no. 92455)

MARC details
000 -LEADER
fixed length control field 00720nam a22002177a 4500
005 - DATE AND TIME OF LATEST TRANSACTION
control field 20150409105028.0
010 ## - LCCN (DPL NO)
LC control number ENG-112497
020 ## - INTERNATIONAL STANDARD BOOK NUMBER
International Standard Book Number 9789383649211
Terms of availability 880.00
035 ## - SYSTEM CONTROL NUMBER
System control number EN-96029
037 ## - SOURCE OF ACQUISITION
Source of stock number/acquisition DBAD/PUB
082 ## - DEWEY DECIMAL CLASSIFICATION NUMBER
Classification number 327.47058
100 ## - MAIN ENTRY--PERSONAL NAME
Personal name Malashenko, Alexey
245 ## - TITLE STATEMENT
Title The fight for influence :
Statement of responsibility, etc by Alexey Malashenko
Remainder of title Russia in Central Asia /
260 ## - PUBLICATION, DISTRIBUTION, ETC. (IMPRINT)
Place of publication, distribution, etc New Delhi
Name of publisher, distributor, etc KW Publishers
Date of publication, distribution, etc 2014(repr.)
270 ## - ADDRESS
Address 4676/21, First Floor, Ansari Road, Daryaganj
City New Delhi
Postal code 110002
300 ## - PHYSICAL DESCRIPTION
Extent viii,296p.
Dimensions 23cm(Hb)
500 ## - GENERAL NOTE
General note Includes index
650 ## - SUBJECT ADDED ENTRY--TOPICAL TERM
Topical term or geographic name as entry element Security, International
Geographic subdivision Asia, Central.
650 ## - SUBJECT ADDED ENTRY--TOPICAL TERM
Topical term or geographic name as entry element Muslims
Geographic subdivision Asia, Central.
942 ## - ADDED ENTRY ELEMENTS (KOHA)
Source of classification or shelving scheme Dewey Decimal Classification
Item type English Books
Call number suffix MAL
Classification part 327.47058
Holdings
Withdrawn status Lost status Not for loan Collection code Home library Current library Date acquired Source of acquisition Cost, normal purchase price Full call number Barcode Copy number Cost, replacement price Koha item type
    Not For Loan Non-fiction D.B.Act.Division D.B.Act.Division 24/03/2015 DBAD/PUB 880.00 327.47058 MAL EN-96029 1 880.00 English Books

© Delhi Public Library
Hit Counter
free hit counter